| 000 | 00669nam a2200181 a 4500 | ||
|---|---|---|---|
| 001 | 001018076 | ||
| 003 | AM-YeHGA | ||
| 005 | 20250617150650.0 | ||
| 008 | 140515s1975 ru r 000 0 rus d | ||
| 040 | _aAM-YeHGA | ||
| 041 | 0 | _arus | |
| 245 | 0 | 0 |
_aПрограмма Союз-Аполлон в действии / _cРед. Т. Сумарокова. |
| 260 |
_aМосква : _bИзд-во АПН, _c1975. |
||
| 300 |
_a32 с. : _bил. |
||
| 653 | 0 | _aКосмические полеты - Космические исследования совместные СССР-США - История | |
| 700 | 1 |
_aСумарокова, Т. _eред. _4edt |
|
| 090 | _c337301 | ||
| 999 |
_c335528 _d335528 |
||